| 000 | nam a22 7a 4500 | ||
|---|---|---|---|
| 999 |
_c7779 _d7779 |
||
| 003 | OSt | ||
| 005 | 20171010101646.0 | ||
| 008 | 171010b xxu||||| |||| 00| 0 eng d | ||
| 022 | _a9770254839909 | ||
| 040 | _cIndia Today | ||
| 100 |
_aPurie, Aroon _94257 |
||
| 245 | _aIndia Today | ||
| 260 |
_aNew Delhi _bManoj Sharma on behalf of Living Media India Limited _c2017 |
||
| 942 |
_2ddc _cMZ _s1 |
||